00715nam a2200241 a 4500001001300000003000900013005001700022008004100039020001000080082001700090100001900107245004500126260004800171300000900219500003500228505001000263650001600273700001900289902000800308942000700316952013300323999001700456nice12345678IN_TiNIC20260116013922.0050524s1995 dela grp 000 0 eng  ac47500a340.59bMAH2 aMahmood, Tahir aStatute Law Relating to Muslims in India aDelhibInstitute of Objective Studiesc1995 a470p aincludes index and biblioraphy2 aIndex aIslamic-Law1 aMahmood, Tahir bSRS cBK 001040708StackRoom-aHMIbHMId2007-05-04g475.00l6m1o340.59 MAH2p017205r2025-07-31s2025-06-17v475.00w2005-05-24yBK c13103d13103